000 00813nam a2200241 i 4500
003 DO-SdBNP
005 20230828105922.0
007 ta
008 190221s2011 dr c r 000 spa d
040 _aDO-SdBNP
_bspa
_cBNPHU
_erda
082 _222
_bR426d
_axxxx
110 _aRepública Dominicana.
_bMinisterio de Salud Pública
111 _983339
245 0 _aDiagnóstico nacional de salud de adolescentes, con énfasis en la oferta de servicios de salud amigables para adolescentes, año 2010
264 1 _aSanto Domingo :
_bMinisterio de Salud Pública,
_c2011
300 _a111 paginas
_bilustrado
_c28 cm.
336 _2rdacontemp
_atexto
_btxt
337 _2rdamedia
_asin mediación
_bn
338 _2rdacarrier
_avolumen
_bnc
590 _aInventariado, 2023 / DG
910 _aDG
942 _2ddc
_cLBS1
999 _c54558
_d54558